Skip to content
VuFind
Login
All Fields
Title
Author
Subject
Call Number
ISBN/ISSN
Tag
Find
Advanced
Svarnamali
Cite this
Text this
Email this
Print
Export Record
Export to RefWorks
Export to EndNoteWeb
Export to EndNote
Export to MARC
Export to BibTeX
Export to RIS
Save to List
Permanent link
Svarnamali
Saved in:
Bibliographic Details
Main Author:
Abeysekera, Chitrananda
Format:
Book
Published:
1984
Subjects:
Sinhalese poetry
Tags:
Add Tag
No Tags, Be the first to tag this record!
Holdings
Description
Comments
Similar Items
Staff View
MARC
LEADER
00000nam a2200000 a 4500
082
|a
891.481
100
|a
Abeysekera, Chitrananda
245
|a
Svarnamali
260
|c
1984
300
|a
112p. ; 21cm.
653
|a
Sinhalese poetry
942
|c
AFW
999
|c
187903
|d
187903
Similar Items
Svarnamali maharaja
by: Wickramaratna, Udayasiri
Published: (2006)
Anuradhapura Svarnamali maha chaithyaya
by: Swarnasinghe, K. M. I.
Published: (2005)
Anuradhapura Svarnamali maha chaithyaya
by: Swarnasinghe, K. M. I.
Published: (2005)
Natya pela adhyanaya saha Svarnamali natakaya
by: Jayawardhana, Bandula
Published: (2003)
Nomatha surangana sihina puthune
by: Abeysekera, Padmini
Published: (1977)